Štruktúra vojenského zdravotníctva SR

Bibliographic Details
Main Author: Tolnayová, Mária (Author)
Format: Article
Language:Slovak
PhysicalDescription:Fotogr.
ISSN:1335-4477
Subjects:

MARC

LEADER 00000nab a2200000 a 4500
001 vtls009297946
003 SK-MaSNL
005 20260426073029.0
008 140303c2008 xo wr|p|||||||000 b|slo
015 |a SNBRB2008/05  |2 snkbucl 
038 |a SNKBUCL 
040 |a SNKBUCL  |b slo  |c SNKBUCL  |e AACR2 
041 0 |a slo 
044 |a xo  |c SK 
080 |a 355.72  |x (437.6)  |2 2001 
080 |a 355.3  |x (437.6)  |2 2001 
100 1 |a Tolnayová, Mária  |4 aut  |9 841538 
245 1 0 |a Štruktúra vojenského zdravotníctva SR  |c pripravila Mária Tolnayová 
300 |b Fotogr. 
610 1 7 |a Slovensko.  |b Ozbrojené sily.  |b Veliteľstvo vojenského zdravotníctva  |2 snkbucl  |9 1330827 
610 2 7 |a Vojenská nemocnica (Ružomberok, Slovensko)  |2 snkbucl  |9 493012 
650 0 7 |a vojenské zdravotníctvo  |2 snkbucl  |9 79716 
651 7 |a Slovensko  |2 snkbucl  |9 14231 
773 0 |t Zdravotnícke noviny  |g Roč. XIII/LVII, č. 14 (2008), s. 7  |x 1335-4477 
852 |a SNK  |b KIS3GCP 
958 |a MI 
999 |c 2696263  |d 2698193